00898nam a2200217 a 4500001001000000003000500010005001700015008004100032010001100073011001100084040000900095100003800104245014800142260004000290500006000330502010100390650004800491650004300539650002800582856007000610000114995CHAP20220329144507.0180828s2018 mx sm |||||||spa d a111456 a112428 cCHAP1 aLópez Guzmán, Sergio Antonio.10aAnalisis de redes de innovación en el sistema productivo aguacate en el Estado de Nayarith[En línea]cpor Sergio Antonio López Guzmán. aHuatusco, Ver. :bEl autor.,c2018. aPara ver el contenido del material haga clic en la liga aTesis (Lic. en Redes Agroalimentarias) -- UACH. Dirección de Centros Regionales Universitarios14aAgriculturaxTransferencia de tecnología.14aAguacatexInnovaciones tecnológicas.14aAguacatexProducción. aFinding aiduhttp://10.13.5.2/tesis/sist114995.pdfzTeclea aquí